|
|
|
|
| LEADER |
01136pam a22002778a 4500 |
| 001 |
00020470 |
| 005 |
20190320090306.0 |
| 008 |
110518s1995 ||||||Viesd |
| 020 |
# |
# |
|c 21000
|
| 041 |
0 |
# |
|a Vie
|
| 082 |
1 |
4 |
|a 515
|b GI108TR
|
| 100 |
0 |
# |
|a Lê, Văn Hạp
|
| 245 |
0 |
0 |
|a Giáo trình phương trình vi phân và phương trình đạo hàm riêng
|c Lê Văn Hạp
|
| 260 |
# |
# |
|a Huế
|b [Kxnb]
|c 1995
|
| 300 |
# |
# |
|a 147 tr.
|c 24 cm.
|
| 500 |
# |
# |
|a ĐTTS ghi: Bộ giáo dục và đào tạo. Đại học Huế. Trung tâm đào tạo từ xa
|
| 650 |
# |
4 |
|a Phương trình vi phân
|
| 650 |
# |
4 |
|a Toán học
|
| 653 |
# |
# |
|a Cấu tạo hàm riêng
|
| 653 |
# |
# |
|a Giáo trình
|
| 852 |
# |
# |
|b Kho mượn
|j KGT.0034543
|
| 852 |
# |
# |
|b Kho đọc
|j KD.0005858
|
| 852 |
# |
# |
|j KGT.0034543
|b Kho giáo trình
|
| 852 |
# |
# |
|j KGT.0034543
|j KD.0005858
|j KGT.0056566
|j KGT.0056567
|j KGT.0056569
|j KGT.0056570
|j KGT.0056571
|j KGT.0056572
|j KGT.0056565
|j KGT.0056568
|
| 910 |
0 |
# |
|a Đức
|d 18/05/2011
|e dtchanh
|f 20/03/2019
|
| 980 |
# |
# |
|a Trung tâm Học liệu Lê Vũ Hùng, Trường Đại học Đồng Tháp
|